FIFA Club World Cup Winners - Statistics

General Stats
  • This quiz has been taken 10 times
  • The average score is 18 of 21
Answer Stats
Year Host(s) Answer % Correct
2009 United Arab Emirates Barcelona
100%
2011 Japan Barcelona
100%
2015 Japan Barcelona
100%
2013 Morocco Bayern Munich
100%
2020 Qatar Bayern Munich
100%
2021 United Arab Emirates Chelsea
100%
2025 United States Chelsea
100%
2019 Qatar Liverpool
100%
2014 Morocco Real Madrid
100%
2016 Japan Real Madrid
100%
2017 United Arab Emirates Real Madrid
100%
2018 United Arab Emirates Real Madrid
100%
2022 Morocco Real Madrid
100%
2023 Saudi Arabia Manchester City
88%
2008 Japan Manchester United
75%
2000 Brazil Corinthians
63%
2012 Japan Corinthians
63%
2007 Japan Milan
63%
2006 Japan Internacional
50%
2005 Japan Sao Paulo
38%
2010 United Arab Emirates Internazionale
25%
No matching quizzes found
Score Distribution
Percent of People with Each Score
Percentile by Number Answered
Your Score History
You have not taken this quiz